000 00763nam a2200253Ia 4500
003 OSt
005 20220923223000.0
006 a|||||r|||| 00| 0
007 ta
008 220922b |||||||| |||| 00| 0 hin d
024 _a209,567
037 _cTextual
040 _aARTS
_cARTS
_bhin
041 _2hin
_ahin
082 _aO152,3NCHx, L4
100 _aचौहान, मनहर
245 0 _aबीस सुबहों की बाद
246 _aBīs subahoan kī bāda
260 _aदिल्ली
_b उमेश प्रका0
_c1974
300 _a174पृ.
_ccm.
650 _aहिन्दी कहानी
942 _hO152,3NCHx, L4
_cTEXL
_2CC
999 _c360140
_d360140